<?xml version="1.0" encoding="UTF-8"?>
<record
    xmlns:xsi="http://www.w3.org/2001/XMLSchema-instance"
    xsi:schemaLocation="http://www.loc.gov/MARC21/slim http://www.loc.gov/standards/marcxml/schema/MARC21slim.xsd"
    xmlns="http://www.loc.gov/MARC21/slim">

  <leader>01247nam a2200277Ia 4500</leader>
  <datafield tag="952" ind1=" " ind2=" ">
    <subfield code="0">0</subfield>
    <subfield code="1">0</subfield>
    <subfield code="2">lcc</subfield>
    <subfield code="4">0</subfield>
    <subfield code="7">0</subfield>
    <subfield code="a">22</subfield>
    <subfield code="b">22</subfield>
    <subfield code="d">2017-06-09</subfield>
    <subfield code="l">16</subfield>
    <subfield code="o">QH541 D533 2015</subfield>
    <subfield code="p">06 003599</subfield>
    <subfield code="r">2020-01-07</subfield>
    <subfield code="s">2020-01-07</subfield>
    <subfield code="t">1</subfield>
    <subfield code="w">2017-06-09</subfield>
    <subfield code="y">LB</subfield>
  </datafield>
  <datafield tag="952" ind1=" " ind2=" ">
    <subfield code="0">0</subfield>
    <subfield code="1">0</subfield>
    <subfield code="2">lcc</subfield>
    <subfield code="4">0</subfield>
    <subfield code="7">0</subfield>
    <subfield code="a">22</subfield>
    <subfield code="b">22</subfield>
    <subfield code="d">2017-06-09</subfield>
    <subfield code="l">12</subfield>
    <subfield code="o">QH541 D533 2015</subfield>
    <subfield code="p">06 003600</subfield>
    <subfield code="r">2019-06-06</subfield>
    <subfield code="s">2019-06-06</subfield>
    <subfield code="t">2</subfield>
    <subfield code="w">2017-06-09</subfield>
    <subfield code="y">LB</subfield>
  </datafield>
  <datafield tag="952" ind1=" " ind2=" ">
    <subfield code="0">0</subfield>
    <subfield code="1">0</subfield>
    <subfield code="4">0</subfield>
    <subfield code="7">0</subfield>
    <subfield code="a">09</subfield>
    <subfield code="b">09</subfield>
    <subfield code="d">2018-10-10</subfield>
    <subfield code="l">0</subfield>
    <subfield code="o">QH541 D53 2015</subfield>
    <subfield code="p">09 005032</subfield>
    <subfield code="r">2018-10-10</subfield>
    <subfield code="t">1</subfield>
    <subfield code="w">2018-10-10</subfield>
    <subfield code="y">LB</subfield>
  </datafield>
  <datafield tag="952" ind1=" " ind2=" ">
    <subfield code="0">0</subfield>
    <subfield code="1">0</subfield>
    <subfield code="4">0</subfield>
    <subfield code="7">0</subfield>
    <subfield code="a">07</subfield>
    <subfield code="b">07</subfield>
    <subfield code="d">2018-10-30</subfield>
    <subfield code="l">1</subfield>
    <subfield code="o">QH541 D53 2015</subfield>
    <subfield code="p">07 006536</subfield>
    <subfield code="r">2022-01-13</subfield>
    <subfield code="s">2020-03-18</subfield>
    <subfield code="t">1</subfield>
    <subfield code="w">2018-10-30</subfield>
    <subfield code="y">LB</subfield>
  </datafield>
  <datafield tag="952" ind1=" " ind2=" ">
    <subfield code="0">0</subfield>
    <subfield code="1">0</subfield>
    <subfield code="4">0</subfield>
    <subfield code="7">0</subfield>
    <subfield code="a">22</subfield>
    <subfield code="b">22</subfield>
    <subfield code="d">2018-11-12</subfield>
    <subfield code="l">2</subfield>
    <subfield code="o">QH541 D53 2015</subfield>
    <subfield code="p">06 004150</subfield>
    <subfield code="r">2020-01-13</subfield>
    <subfield code="s">2020-01-13</subfield>
    <subfield code="t">3</subfield>
    <subfield code="w">2018-11-12</subfield>
    <subfield code="y">LB</subfield>
  </datafield>
  <datafield tag="952" ind1=" " ind2=" ">
    <subfield code="0">0</subfield>
    <subfield code="1">0</subfield>
    <subfield code="4">0</subfield>
    <subfield code="7">0</subfield>
    <subfield code="a">01</subfield>
    <subfield code="b">01</subfield>
    <subfield code="d">2019-01-17</subfield>
    <subfield code="l">1</subfield>
    <subfield code="o">333.7 D543d 2015</subfield>
    <subfield code="p">01 014775</subfield>
    <subfield code="r">2023-10-16</subfield>
    <subfield code="s">2023-10-13</subfield>
    <subfield code="t">1</subfield>
    <subfield code="w">2019-01-17</subfield>
    <subfield code="y">LB</subfield>
  </datafield>
  <datafield tag="999" ind1=" " ind2=" ">
    <subfield code="c">102076</subfield>
    <subfield code="d">102076</subfield>
  </datafield>
  <controlfield tag="005">20231102152032.0</controlfield>
  <controlfield tag="008">120626t20152009mx a          000 0 spa d</controlfield>
  <datafield tag="020" ind1=" " ind2=" ">
    <subfield code="a">9786071512796</subfield>
  </datafield>
  <datafield tag="050" ind1="0" ind2="4">
    <subfield code="a">QH541</subfield>
    <subfield code="b">D53 2015</subfield>
  </datafield>
  <datafield tag="082" ind1=" " ind2=" ">
    <subfield code="a">333.7</subfield>
    <subfield code="b">D543d 2015</subfield>
  </datafield>
  <datafield tag="100" ind1="1" ind2=" ">
    <subfield code="a">D&#xED;az Couti&#xF1;o, Reynol</subfield>
    <subfield code="e">autor</subfield>
  </datafield>
  <datafield tag="245" ind1="1" ind2="0">
    <subfield code="a">Desarrollo sustentable</subfield>
    <subfield code="b"> : una oportunidad para la vida</subfield>
    <subfield code="c"> / Reynol D&#xED;az Couti&#xF1;o</subfield>
  </datafield>
  <datafield tag="250" ind1=" " ind2=" ">
    <subfield code="a">3a edici&#xF3;n</subfield>
  </datafield>
  <datafield tag="260" ind1=" " ind2=" ">
    <subfield code="a">M&#xE9;xico</subfield>
    <subfield code="b"> : McGraw Hill</subfield>
    <subfield code="c">, 2015</subfield>
  </datafield>
  <datafield tag="300" ind1=" " ind2=" ">
    <subfield code="a">302 p&#xE1;ginas</subfield>
    <subfield code="b"> : ilustrado</subfield>
  </datafield>
  <datafield tag="504" ind1=" " ind2=" ">
    <subfield code="a">Referencias bibliogr&#xE1;ficas (pp. 275-287)</subfield>
  </datafield>
  <datafield tag="519" ind1=" " ind2=" ">
    <subfield code="a">Plan Flexible / </subfield>
    <subfield code="b">Arquitectura / </subfield>
    <subfield code="c">Tecnolog&#xED;as ambientales (P13-3) / </subfield>
    <subfield code="d">(06 003599, 06 004150)</subfield>
  </datafield>
  <datafield tag="519" ind1=" " ind2=" ">
    <subfield code="a">Material Complementario /</subfield>
    <subfield code="b">Negocios Internacionales /</subfield>
    <subfield code="d">(01 014775)</subfield>
  </datafield>
  <datafield tag="519" ind1=" " ind2=" ">
    <subfield code="a">Plan Flexible / </subfield>
    <subfield code="b">Arquitectura / </subfield>
    <subfield code="c">Tecnolog&#xED;as ambientales b&#xE1;sicas (P14-3) / </subfield>
    <subfield code="d">(06 003600)</subfield>
  </datafield>
  <datafield tag="519" ind1=" " ind2=" ">
    <subfield code="a">Material Complementario /</subfield>
    <subfield code="b">Negocios Internacionales /</subfield>
    <subfield code="d">(09 005032)</subfield>
  </datafield>
  <datafield tag="519" ind1=" " ind2=" ">
    <subfield code="a">Material Complementario /</subfield>
    <subfield code="b">Negocios Internacionales /</subfield>
    <subfield code="d">(07 006536)</subfield>
  </datafield>
  <datafield tag="650" ind1="1" ind2="4">
    <subfield code="a">DESARROLLO SUSTENTABLE</subfield>
    <subfield code="x">M&#xC9;XICO</subfield>
  </datafield>
  <datafield tag="650" ind1="0" ind2="4">
    <subfield code="a">POL&#xCD;TICA AMBIENTAL</subfield>
  </datafield>
  <datafield tag="942" ind1=" " ind2=" ">
    <subfield code="c">LB</subfield>
  </datafield>
</record>
